| 000 | 00627cam a22001935a 4500 | ||
|---|---|---|---|
| 001 | L140888 | ||
| 008 | 071016n xxk eng u | ||
| 035 | _a(Sirsi) u140888 | ||
| 041 | 0 | _aeng | |
| 110 | 2 |
_aJohn D Wood and Co. _95398 |
|
| 245 | 0 | 4 |
_aThe Blackadder Estate _bin the heart of the well-known merse of Berwickshire, for sale privately in its entirety or the mansion with about 1 050 acres |
| 260 |
_aS.l. _bs.n. _c[ca. 1921] |
||
| 300 |
_a11 p. _bill. _c25 x 38 cm. |
||
| 340 | _aPrinted | ||
| 351 | _cSingle item | ||
| 651 | 4 |
_aScotland _y1999- |
|
| 690 | _aPROPERTY-PROPERTY ACQUISITION AND DISPOSAL | ||
| 942 | _n0 | ||
| 999 |
_c116517 _d116517 |
||